000 00320nam a2200133Ia 4500
005 20251222144734.0
008 251222s9999||||xx |||||||||||||| ||spa||
020 _a84-8403-406-2
082 _a813.5/P73N/1999
100 _aPoe, Edgar Allan
245 0 _aNarraciones Extraordinarias:
264 _bEdimat
942 _cLIB
999 _c18717
_d18717